000 00812nam a2200253 i 4500
001 C2-0255306
003 PPAK
005 20180727223113.0
008 040530s2004 nyua|||| ||||| | eng d
020 _a074325547X
040 _aPPAK
_beng
_cPPAK
_erda
082 0 4 _a956.70443
_223
090 0 0 _a956.70443
_bWOO
_dG
100 1 _aWoodward, Bob,
_eauthor
245 1 0 _aPlan of attack
264 1 _aNew York :
_bSimon & Schuster ,
_c2004
300 _axi, 467 pages :
_billustrations ;
_c24 cm
336 _2rdacontent
_atext
337 _2rdamedia
_aunmediated
338 _2rdacarrier
_avolume
500 _aIncludes index
650 1 0 _aIraq War, 2003 - Causes ; Iraq War, 2003 - Moral and ethical aspects - United States ; Bush, George W. (George Walker) , 1946- - Military leadership
942 _ddc
_cB
999 _c67805
_d67805